Equatorial Countries Map Quiz - Statistics

General Stats
  • This quiz has been taken 31 times
  • The average score is 10 of 11
Answers on the Map
Answers color-coded by a green-red scale on the quiz's map according to % correct below.
 
Answer Stats
Country % Correct
Indonesia
100%
Brazil
97%
Colombia
97%
Democratic Republic of the Congo
97%
Ecuador
97%
Gabon
97%
Kenya
97%
Republic of the Congo
97%
Uganda
97%
Somalia
93%
São Tomé and Príncipe
76%
No matching quizzes found
Score Distribution
Percent of People with Each Score
Percentile by Number Answered
Your Score History
You have not taken this quiz